[Event "Israeli League"]
[Site "Ramat Aviv ISR"]
[Date "2000.05.12"]
[Round "11"]
[White "Huzman,A"]
[Black "Gershon,A"]
[Result "1/2-1/2"]
[WhiteElo "2574"]
[BlackElo "2471"]

1.d4 Nf6 2.c4 e6 3.g3 Bb4+ 4.Bd2 Qe7 5.Bg2 Nc6 6.e3 e5 7.d5 Nb8 8.Ne2 a5
9.Nbc3 d6 10.a3 Bxc3 11.Nxc3 O-O 12.Qc2 Na6 13.O-O Bd7 14.b3 c6 15.Rac1 Rfc8
16.Qb1 Nc7 17.e4 cxd5 18.exd5 Rcb8 19.Be3 b5 20.c5 dxc5 21.Ne4 Ncxd5 22.Nxf6+ Nxf6
23.Bxa8 Rxa8 24.Rxc5 Bh3 25.Rfc1 Qb7 26.Rc6 Bd7 27.Rc7 Qf3 28.Rxd7 Nxd7 29.Qd3 Qb7
30.Qd6 Rc8 31.Rd1 Nf6 32.Qxe5 h5 33.Qf5 Re8 34.h3 Qc7 35.Rc1 Qd6 36.Qc5 Qe6
37.Qxb5 Qxh3 38.Bg5 Re6 39.Bxf6 Rxf6 40.Qxa5 h4 41.Qa8+ Kh7 42.Qe4+ Rg6 43.Rc3  1/2-1/2

[Event "Bank Pocztowy Open"]
[Site "Bydgoszcz POL"]
[Date "2000.06.04"]
[Round "7"]
[White "Makarov,M"]
[Black "Lerner,K"]
[Result "1/2-1/2"]
[WhiteElo "2513"]
[BlackElo "2575"]

1.d4 Nf6 2.c4 e6 3.g3 Bb4+ 4.Bd2 a5 5.Bg2 O-O 6.Nf3 b6 7.O-O Ba6 8.Ne5 Ra7
9.Bxb4 axb4 10.a3 d6 11.axb4 dxe5 12.dxe5 Ng4 13.b5 Nxe5 14.Qxd8 Rxd8 15.b3 Kf8
16.Nc3 Rd2 17.Rfd1 Rxd1+ 18.Nxd1 Ke7 19.f4 Ned7 20.b4 f5 21.Nc3 Kd6 22.e4 c5
23.bxa6 Rxa6 24.e5+ Ke7 25.Rxa6 Nxa6 26.b5 Nb4 27.Na4 Kd8 28.h4  1/2-1/2

[Event "Equitable Card Invitational"]
[Site "Quezon City PHI"]
[Date "2000.07.01"]
[Round "2"]
[White "Villamayor,B"]
[Black "Bitoon,R"]
[Result "1/2-1/2"]
[WhiteElo "2474"]
[BlackElo "2436"]

1.d4 Nf6 2.c4 e6 3.g3 Bb4+ 4.Bd2 Qe7 5.Nc3 Nc6 6.Nf3 Bxc3 7.Bxc3 Ne4 8.Rc1 Nxc3
9.Rxc3 O-O 10.Bg2 d6 11.d5 Nb8 12.dxe6 fxe6 13.Nd4 a5 14.O-O Kh8 15.Qd2 Nd7
16.Ra3 a4 17.Nb5 Nb6 18.Rc1 e5 19.Qe3 Qd7 20.Nxd6 Qxd6 21.c5 Nd5 22.cxd6 Nxe3
23.Rxe3 cxd6 24.Rc7 Be6 25.a3 Rac8 26.Rxc8 Rxc8 27.Bxb7 Rc2 28.f4 Rxb2 29.Bc6 Bb3
30.fxe5 dxe5 31.Rxe5 g6 32.Re4 Ra2 33.Bxa4 Bxa4 34.Rxa4 Rxe2 35.Rf4 Ra2 36.Rf3 Kg7
37.h3 g5 38.Kf1 g4 39.hxg4 Kg6 40.Ke1 Kg5  1/2-1/2

[Event "ch-NOR"]
[Site "Asker NOR"]
[Date "2000.07.10"]
[Round "4"]
[White "Glenne,BE"]
[Black "Eriksen,T"]
[Result "1/2-1/2"]
[WhiteElo "2250"]
[BlackElo "2242"]

1.d4 Nf6 2.c4 e6 3.g3 Bb4+ 4.Bd2 a5 5.Bg2 d5 6.Nf3 Nc6 7.O-O dxc4 8.e3 Bd6
9.Qc2 e5 10.dxe5 Nxe5 11.Nxe5 Bxe5 12.Qxc4 O-O 13.Bc3 Bxc3 14.Nxc3 c6 15.Rad1 Qe7
16.Rd4 Be6 17.Qe2 Rfd8 18.Rfd1 Rxd4 19.Rxd4  1/2-1/2

[Event "Golden Tulip"]
[Site "Fribourg SUI"]
[Date "2000.07.11"]
[Round "7"]
[White "Raetsky,A"]
[Black "Meszaros,An"]
[Result "1-0"]
[WhiteElo "2428"]
[BlackElo "2306"]

1.d4 Nf6 2.c4 e6 3.g3 Bb4+ 4.Nd2 c5 5.dxc5 Bxc5 6.Bg2 Qb6 7.Nh3 Nc6 8.O-O Nd4
9.e3 Nc6 10.b3 e5 11.Ng5 O-O 12.Nde4 Nxe4 13.Nxe4 a5 14.Bb2 a4 15.Nxc5 Qxc5
16.Qd5 d6 17.Rfd1 Bg4 18.Qxd6 Qb6 19.c5 Qa5 20.Rdc1 Rfd8 21.Bc3 Qa7 22.Qc7 Rac8
23.Qb6 Qxb6 24.cxb6 axb3 25.axb3 f6 26.Be1 Be2 27.Rc5 Ne7 28.Rc7 Rxc7 29.bxc7 Rc8
30.Ba5 Nc6 31.Bh3 Ne7 32.Be6+ Kf8 33.Bb4 Ba6 34.Bxc8  1-0

[Event "ch-POL women"]
[Site "Brzeg Dolny POL"]
[Date "2000.07.13"]
[Round "8"]
[White "Socko,M"]
[Black "Glazik,M"]
[Result "1-0"]
[WhiteElo "2403"]
[BlackElo "2155"]

1.d4 Nf6 2.c4 e6 3.g3 Bb4+ 4.Bd2 Qe7 5.Bg2 O-O 6.Nf3 Bxd2+ 7.Qxd2 d6 8.Nc3 e5
9.O-O Nc6 10.d5 Nb8 11.e4 a5 12.Ne1 Nbd7 13.Nd3 b6 14.f4 Nc5 15.Nxc5 bxc5
16.f5 h6 17.Nd1 a4 18.Rc1 Bb7 19.Rc3 c6 20.g4 Nh7 21.Ne3 f6 22.dxc6 Bxc6
23.h4 Rfd8 24.Rd3 Ra6 25.Rd1 Ba8 26.Nc2 Rb6 27.Na3 Bb7 28.Nb5 Ba6 29.Qa5  1-0

[Event "GM"]
[Site "Dortmund GER"]
[Date "2000.07.13"]
[Round "6"]
[White "Kachiani,K"]
[Black "Mainka,G"]
[Result "1-0"]
[WhiteElo "2437"]
[BlackElo "2357"]

1.d4 Nf6 2.c4 e6 3.g3 Bb4+ 4.Bd2 Bxd2+ 5.Qxd2 d5 6.Nf3 O-O 7.Bg2 Nbd7 8.Qc2 b6
9.cxd5 Nxd5 10.Nc3 Bb7 11.Nxd5 Bxd5 12.e4 Bb7 13.O-O-O c5 14.d5 exd5 15.exd5 Qf6
16.h4 h6 17.Rhe1 Rfd8 18.Re3 b5 19.g4 Qf4 20.g5 Nb6 21.Kb1 Bxd5 22.gxh6 Qxh6
23.Red3 g6 24.Ng5 Qxh4 25.Bxd5 Qxg5 26.Bxa8 Rxa8 27.Rh1 Qf5 28.Qc3 f6 29.Ka1 Re8
30.Rdh3 Re5 31.Qd2 Nd5 32.Qa5 Nb6 33.Rh8+ Kf7 34.Qxa7+ Nd7 35.R1h7+ Ke6 36.Qxd7+  1-0

[Event "WIPRO GM"]
[Site "Hyderabad IND"]
[Date "2000.07.19"]
[Round "4"]
[White "Ionov,S"]
[Black "Kunte,A"]
[Result "0-1"]
[WhiteElo "2542"]
[BlackElo "2556"]

1.d4 Nf6 2.c4 e6 3.g3 Bb4+ 4.Bd2 Be7 5.Bg2 d5 6.Nf3 O-O 7.O-O c6 8.Qc2 b6
9.Rd1 Ba6 10.b3 Nbd7 11.a4 c5 12.Na3 Bb7 13.cxd5 Bxd5 14.Nc4 Rc8 15.Qb2 cxd4
16.Nxd4 Bxg2 17.Kxg2 Nc5 18.f3 Nxb3 19.Nxe6 Qd5  0-1

[Event "Continental Open"]
[Site "Los Angeles USA"]
[Date "2000.07.24"]
[Round "1"]
[White "Miton,K"]
[Black "Harmon,C"]
[Result "1-0"]
[WhiteElo "2443"]
[BlackElo "2166"]

1.d4 Nf6 2.c4 e6 3.g3 Bb4+ 4.Bd2 Be7 5.Bg2 d5 6.Nf3 c6 7.O-O Nbd7 8.Bg5 h6
9.Bf4 Nh5 10.Bc1 f5 11.Ne5 Nxe5 12.dxe5 dxc4 13.Nd2 c3 14.bxc3 g6 15.Nc4 Kf7
16.Rb1 Qc7 17.Nd6+ Kg7 18.e4 Rd8 19.exf5 exf5 20.Qb3 Bxd6 21.exd6 Rxd6 22.c4 Re6
23.Bb2+ Nf6 24.Rfd1 b6 25.Rd2 Qe7 26.Rbd1 Re1+ 27.Bf1 Rxd1 28.Qxd1 Be6 29.Bg2 Rc8
30.Rd6 c5 31.Bc6 Rf8 32.Bd7 Bxc4 33.Bxf5 Qe2 34.Qxe2 Bxe2 35.Bc2 g5 36.f4 gxf4
37.gxf4 c4 38.Kf2 Bd3 39.Bxd3 cxd3 40.f5 d2 41.Ke2  1-0

[Event "WIPRO GM"]
[Site "Hyderabad IND"]
[Date "2000.07.25"]
[Round "10"]
[White "Vladimirov,E"]
[Black "Prasad,D"]
[Result "1-0"]
[WhiteElo "2598"]
[BlackElo "2431"]

1.d4 Nf6 2.c4 e6 3.g3 Bb4+ 4.Nd2 O-O 5.Nf3 d5 6.Bg2 b6 7.O-O c6 8.Qc2 Bb7
9.Rd1 Nbd7 10.e4 Nxe4 11.Nxe4 dxe4 12.Qxe4 Qc7 13.c5 bxc5 14.a3 Ba5 15.Bf4 Qc8
16.Bd6 cxd4 17.Nxd4 Re8 18.Nxc6 Nb8 19.Qa4 Bxc6 20.Bxc6 Nxc6 21.Rac1 Qb7
22.Rxc6 Red8 23.Rdc1 Bb6 24.Qc4 h6 25.b4 Rd7 26.Rc8+ Kh7 27.Qc2+ f5 28.Rxa8 Qxa8
29.Qc6 Qd8 30.Bc5 Rd1+ 31.Rxd1 Qxd1+ 32.Kg2 Qc2 33.h3 h5 34.Qd6 Qe4+ 35.Kh2 Bxc5
36.Qxc5 a6 37.Qe3 Qd5 38.Qe2 f4 39.gxf4 a5 40.Qc2+ Kg8 41.Qc5 Qf3 42.Qe3 Qd5
43.bxa5 Qxa5 44.Qxe6+ Kh7 45.Qe4+ Kh6 46.Qe7 Kh7 47.Kg3 Qc3+ 48.Qe3 Qc2 49.Kh4 g6
50.Qe7+  1-0

[Event "MTO Open"]
[Site "Biel SUI"]
[Date "2000.07.27"]
[Round "4"]
[White "Raetsky,A"]
[Black "Bick,J"]
[Result "1-0"]
[WhiteElo "2425"]
[BlackElo "2292"]

1.d4 Nf6 2.c4 e6 3.g3 Bb4+ 4.Nd2 c5 5.dxc5 Bxc5 6.Bg2 d5 7.Ngf3 Nc6 8.O-O O-O
9.a3 a5 10.cxd5 exd5 11.Nb3 Bb6 12.Nbd4 Ne4 13.Be3 Qf6 14.Qd3 Bg4 15.Nxc6 Bxe3
16.Ne7+ Qxe7 17.Qxe3 Rfe8 18.Rfd1 Qf6 19.Qd4 Qa6 20.Bf1 Nf6 21.Rac1 Re4 22.Qd3 Qb6
23.Nd4 Rae8 24.f3 Re3 25.Qb5 Qxb5 26.Nxb5 Be6 27.Nd4 Bd7 28.Rc7 Rb8 29.Kf2 Ree8
30.Rdc1 Rec8 31.e3 Ne8 32.R7c3 Rxc3 33.Rxc3 Rc8 34.Rb3 Rc7 35.Rb6 Nf6 36.Bb5 Bc8
37.g4 h6 38.h4 Kf8 39.g5 hxg5 40.hxg5 Nd7 41.Rd6 g6 42.Rxd5 Nc5 43.Rd8+ Ke7
44.Re8+ Kd6 45.Bc4 Bd7 46.Ra8 Ne4+ 47.fxe4 Rxc4 48.Rxa5 Rc1 49.e5+ Kc7 50.b3 Rh1
51.Rc5+ Kb6 52.Rd5 Bc6 53.Nxc6 Kxc6 54.Rd6+ Kc5 55.Rd7 b5 56.Rxf7 Rh5 57.Rc7+ Kb6
58.Rd7 Rxg5 59.Rd5 Kc6 60.e4 Rg4 61.Kf3 Rg1 62.Kf4 Rf1+ 63.Kg5 Re1 64.Rd4 Kc5
65.Rd5+ Kc6 66.b4  1-0

[Event "HZ Open"]
[Site "Vlissingen NED"]
[Date "2000.08.05"]
[Round "9"]
[White "Ernst,S"]
[Black "Van der Wiel,J"]
[Result "1/2-1/2"]
[WhiteElo "2373"]
[BlackElo "2531"]

1.d4 Nf6 2.c4 e6 3.g3 Bb4+ 4.Bd2 Be7 5.Bg2 d5 6.Nf3 O-O 7.O-O c6 8.Qc2 Nbd7
9.Rd1 Ne4 10.Be1 f5 11.b4 Bf6 12.Nc3 Nb6 13.c5 Nc4 14.e3 Bd7 15.Bf1 Na3 16.Qb3 Nb5
17.Ne2 g5 18.a4 Nc7 19.Ne5 g4 20.h4 Qe7 21.Nf4 Be8  1/2-1/2

[Event "101st US Open"]
[Site "Saint Paul USA"]
[Date "2000.08.09"]
[Round "5"]
[White "Blatny,P"]
[Black "Betaneli,A"]
[Result "1-0"]
[WhiteElo "2535"]
[BlackElo "2244"]

1.d4 Nf6 2.c4 e6 3.g3 Bb4+ 4.Nd2 Nc6 5.Nf3 Ne4 6.Bg2 Nxd2 7.Bxd2 Bxd2+ 8.Qxd2 d6
9.O-O O-O 10.b4 Qe7 11.b5 Nb8 12.Rfc1 e5 13.dxe5 dxe5 14.Qe3 Re8 15.Nd2 Nd7
16.Nb3 e4 17.a4 Nf6 18.h3 h5 19.Qc5 Qxc5 20.Nxc5 Re5 21.Nb3 Be6 22.Rc3 Rd8
23.Kf1 Bc8 24.Ke1 g5 25.Rd1 Rxd1+ 26.Kxd1 Nd7 27.Kd2 f5 28.f3 exf3 29.exf3 f4
30.gxf4 gxf4 31.Rd3 Kg7 32.Rd4 Rg5 33.Bf1 Ne5 34.Rxf4 Rg3 35.Ke3 Ng6 36.Kf2 Rg5
37.Rd4 h4 38.Rd8 Ne7 39.Nd4 Rg6 40.Ne2 Rf6 41.Nc3 Bf5 42.Rb8 Nc8 43.Rxb7 Rf7
44.c5 Be6 45.a5 Kf6 46.Ne4+ Kf5 47.Ke3 Re7 48.Rb8 Ke5 49.Nc3 Rf7 50.Bc4 Bxc4
51.Rxc8 Rd7 52.Re8+ Kf5 53.Rf8+ Ke5 54.Re8+ Kf5 55.b6 axb6 56.cxb6 cxb6 57.axb6 Rd3+
58.Kf2 Rd2+ 59.Ke1 Rb2 60.Re4 Be6 61.Ne2 Bd5 62.Rxh4 Kg5 63.Rg4+ Kf6 64.Nc3 Be6
65.Rf4+ Kg5 66.Re4 Bf5 67.h4+ Kg6 68.h5+ Kg5 69.Re5 Rxb6 70.Ne2 Rh6 71.Nd4  1-0

[Event "Lost Boys Open"]
[Site "Amsterdam NED"]
[Date "2000.08.17"]
[Round "7"]
[White "Piket,Je"]
[Black "Van der Wiel,J"]
[Result "1-0"]
[WhiteElo "2649"]
[BlackElo "2531"]

1.d4 Nf6 2.c4 e6 3.g3 Bb4+ 4.Bd2 Be7 5.Bg2 d5 6.Nf3 O-O 7.O-O c6 8.Qb3 Nbd7
9.Bf4 Ne4 10.Nc3 g5 11.Be3 Nd6 12.cxd5 cxd5 13.Rad1 Nc4 14.Bc1 f5 15.h3 Ndb6
16.g4 f4 17.e4 Bd7 18.Rfe1 Bc6 19.exd5 exd5 20.Ne5 Bf6 21.Qc2 Bg7 22.Qd3 Rc8
23.b3 Nd6 24.Ba3 Re8 25.Bc5 Ne4 26.Nxc6  1-0

[Event "chT-POL"]
[Site "Zakopane chT"]
[Date "2000.09.02"]
[Round "1"]
[White "Kosiorek,M"]
[Black "Macieja,B"]
[Result "0-1"]
[WhiteElo "2378"]
[BlackElo "2536"]

1.d4 Nf6 2.c4 e6 3.g3 Bb4+ 4.Bd2 Qe7 5.Nc3 Nc6 6.Nf3 Bxc3 7.Bxc3 Ne4 8.Rc1 O-O
9.Bg2 d6 10.d5 Nd8 11.dxe6 Nxe6 12.O-O Bd7 13.Nd2 Nxc3 14.Rxc3 Bc6 15.Bd5 a5
16.Re1 Nc5 17.Nf3 Rae8 18.Nd4 Bd7 19.b3 Bg4 20.a3 Qf6 21.Bf3 h5 22.Rf1 Re5
23.b4 axb4 24.axb4 Ne4 25.Rd3 Bh3 26.Bg2 Bxg2 27.Kxg2 Re7 28.f3 Ng5 29.h4 Ne6
30.e4 Nxd4 31.Rxd4 Ra8 32.Rf2 Ree8 33.Rfd2 Ra3 34.Qe2 Ra4 35.Rd5 Re5 36.c5 Rxd5
37.Rxd5 Rxb4 38.cxd6 cxd6 39.Rd2 Rb3 40.Qd1 Rb2 41.Qc1 Rxd2+ 42.Qxd2 Qe5
43.Qd3 Qc5 44.f4 b5 45.Kf3 g6 46.g4 Qc4 47.Qxd6 hxg4+ 48.Ke3 Qc3+ 49.Ke2 Qf3+
50.Kd2 Qxe4 51.h5 Qg2+ 52.Ke3 Qh3+  0-1

[Event "Open"]
[Site "Cesenatico ITA"]
[Date "2000.09.09"]
[Round "8"]
[White "Casadei,M"]
[Black "Assmann,T"]
[Result "1/2-1/2"]
[WhiteElo "2137"]
[BlackElo "2335"]

1.d4 Nf6 2.c4 e6 3.g3 Bb4+ 4.Bd2 Be7 5.Bg2 d5 6.Nf3 c6 7.Qc2 O-O 8.O-O b6
9.b3 Bb7 10.Nc3 Nbd7 11.Rad1 Rc8 12.e4 Nxe4 13.Nxe4 dxe4 14.Qxe4 Nf6 15.Qc2 c5
16.dxc5 Be4 17.Qb2 bxc5 18.Bc3 Qc7 19.Qe2 Bxf3 20.Qxf3 Rfd8 21.Rxd8+ Rxd8
22.Rd1 Rxd1+ 23.Qxd1 Ne8 24.Qf3  1/2-1/2

[Event "chT-POL"]
[Site "Zakopane chT"]
[Date "2000.09.12"]
[Round "10"]
[White "Miton,K"]
[Black "Rozentalis,E"]
[Result "0-1"]
[WhiteElo "2443"]
[BlackElo "2570"]

1.d4 Nf6 2.c4 e6 3.g3 Bb4+ 4.Bd2 Qe7 5.Bg2 Nc6 6.Nf3 Bxd2+ 7.Nbxd2 d6 8.Nf1 d5
9.Ne3 O-O 10.O-O Rd8 11.Qc2 a5 12.Rfd1 a4 13.Ne5 a3 14.bxa3 Rxa3 15.Qb2 h5
16.Nxc6 bxc6 17.Rdc1 Bd7 18.Nf1 Qf8 19.Nd2 Rb8 20.Qc2 Rb4 21.Rcb1 g6 22.e4 Raa4
23.cxd5 exd5 24.Rxb4 Qxb4 25.Nb3 Ra3 26.Nc5 Qxd4 27.Rd1 Rxa2 28.Rxd4 Rxc2
29.Nxd7 Nxd7 30.exd5 c5 31.Rd1 Ne5 32.h3 Nc4 33.Ra1 Nd6 34.Ra7 Rc1+ 35.Kh2 Ne8
36.Ra6 Kf8 37.Rc6 Ke7 38.h4 Kd8 39.Bf3 Nd6 40.Kg2 Nc4 41.Ra6 Ne5 42.d6 c4
43.Be4 c3 44.dxc7+ Kxc7 45.f4 Re1 46.Ra4 Rxe4 47.Rxe4 c2 48.Rxe5 c1=Q 49.Re7+ Kd6
50.Rxf7 Qb2+ 51.Kh3 Qa1  0-1

[Event "Abihome Open"]
[Site "Brussels BEL"]
[Date "2000.10.07"]
[Round "1"]
[White "Martyn,R"]
[Black "Vanderstricht,G"]
[Result "0-1"]
[WhiteElo "2102"]
[BlackElo "2369"]

1.d4 Nf6 2.c4 e6 3.g3 Bb4+ 4.Bd2 Be7 5.Bg2 d5 6.Nf3 O-O 7.O-O c6 8.Qc2 b6
9.b3 Nbd7 10.Bc3 Bb7 11.Nbd2 Rc8 12.e4 c5 13.exd5 exd5 14.Qf5 dxc4 15.bxc4 cxd4
16.Bxd4 Nc5 17.Rad1 Qd7 18.Qb1 Rfd8 19.Nb3 Qc7 20.Nxc5 bxc5 21.Be5 Qb6 22.Qf5 Be4
23.Qf4 Qc6 24.Rxd8+ Rxd8 25.Re1 Bg6 26.Nd4 Qd7 27.Nc6 Rc8 28.Nxe7+ Qxe7 29.Rd1 Nd7
30.Bc3 Nf8 31.Bd5 Ne6 32.Qe5 Re8 33.Re1 h6 34.f4 Qf6 35.Qxf6 gxf6 36.Bxf6 Bf5
37.Kf2 h5 38.Be5 Rd8 39.Re2 Kh7 40.Rb2 Rd7 41.Rb8 Nd8 42.Bf6 Ne6 43.Rh8+ Kg6
44.Rg8+ Kxf6 45.h3 Rd8 46.Rxd8 Nxd8 47.Bg2 Ke7 48.Kf3 Kd6 49.g4  0-1

[Event "22nd Open"]
[Site "Arco ITA"]
[Date "2000.10.25"]
[Round "5"]
[White "Ager,J"]
[Black "Rigo,Ja"]
[Result "1/2-1/2"]
[WhiteElo "2209"]
[BlackElo "2322"]

1.d4 Nf6 2.c4 e6 3.g3 Bb4+ 4.Bd2 c5 5.Bxb4 cxb4 6.Nf3 b6 7.Bg2 Bb7 8.a3 bxa3
9.Nxa3 a6 10.O-O O-O 11.b4 d6 12.Qb3 Nc6 13.Rfd1  1/2-1/2

[Event "4th OIBM"]
[Site "Bad Wiessee GER"]
[Date "2000.10.30"]
[Round "3"]
[White "Mikhalevski,V"]
[Black "Loew,G"]
[Result "1-0"]
[WhiteElo "2532"]
[BlackElo "2287"]

1.d4 Nf6 2.c4 e6 3.g3 Bb4+ 4.Bd2 Qe7 5.Bg2 Nc6 6.Nf3 Bxd2+ 7.Nbxd2 d6 8.O-O a5
9.e4 e5 10.d5 Nb8 11.Ne1 O-O 12.Nd3 Na6 13.f4 Nc5 14.Nxc5 dxc5 15.Qf3 Nd7
16.Rae1 f6 17.Qc3 Re8 18.Nf3 Qd6 19.Kh1 a4 20.a3 Ra6 21.Bh3 Nb6 22.fxe5 fxe5
23.Bf5 Qe7 24.Qc1 g6 25.Bxc8 Nxc8 26.Ng5 Rf8 27.Rxf8+ Qxf8 28.Ne6 Qe7 29.Qe3 Rxe6
30.dxe6 b6 31.Qd2 Nd6 32.Qd5 Ne8 33.Qd7 Kf8 34.Rf1+ Nf6 35.g4 h6 36.h4 g5
37.hxg5 hxg5 38.Kg2 c6 39.Rf5 b5 40.Kf3 bxc4 41.Ke2  1-0

[Event "34th Olympiad"]
[Site "Istanbul TUR"]
[Date "2000.11.02"]
[Round "6"]
[White "Karttunen,M"]
[Black "Juswanto,D"]
[Result "1-0"]
[WhiteElo "2399"]
[BlackElo "2483"]

1.d4 Nf6 2.c4 e6 3.g3 Bb4+ 4.Bd2 Be7 5.Bg2 d5 6.Nf3 O-O 7.O-O c6 8.Qc2 b6
9.Ne5 Bb7 10.Bc3 Nbd7 11.Rd1 Rc8 12.Nd2 a5 13.e4 b5 14.Nxd7 Qxd7 15.b3 c5
16.exd5 exd5 17.dxc5 Bxc5 18.Ne4 Ng4 19.Nxc5 Rxc5 20.h3 Nh6 21.Bxa5 d4 22.Bxb7 Qxb7
23.Bb4 Rh5 24.Rd2 d3 25.Rxd3 Re8 26.Rd4 Re1+ 27.Bxe1 g6 28.Bc3 f6 29.Qe4 Qc8
30.Qe7 Nf7 31.Rd7 Qf8 32.Qxf6 Rf5 33.Qe6  1-0

[Event "4th OIBM"]
[Site "Bad Wiessee GER"]
[Date "2000.11.03"]
[Round "7"]
[White "Mikhalevski,V"]
[Black "Froehlich,P"]
[Result "1/2-1/2"]
[WhiteElo "2532"]
[BlackElo "2440"]

1.d4 Nf6 2.c4 e6 3.g3 Bb4+ 4.Bd2 Be7 5.Bg2 d5 6.Nf3 O-O 7.O-O c6 8.Qc2 Nbd7
9.Rd1 b6 10.Bf4 Bb7 11.Nc3 Rc8 12.b3 c5 13.Nb5 dxc4 14.Nxa7 Ra8 15.Nb5 cxb3
16.Qxb3 Ra5 17.a4 cxd4 18.Rxd4 Bc5 19.Rdd1 Qe7 20.Nd2 Ng4 21.Bxb7 Bxf2+ 22.Kg2 Nc5
23.Qf3 Qxb7 24.Nc4 e5 25.Nxa5 bxa5 26.Qxb7 Nxb7 27.Bxe5 Bb6 28.Bd4 Bxd4 29.Rxd4 Ne3+
30.Kf3 Nc2 31.Rd7 Nxa1 32.Rxb7 Nb3 33.Nc3 Nd2+ 34.Kf2 g6 35.Rd7 Nb3 36.Ne4 f5
37.Ng5 h6 38.Ne6 Rf6 39.Rd8+ Kf7 40.Nf4 Nc5 41.Rd5  1/2-1/2

[Event "ch-POL Semi-Finals"]
[Site "Polanczyk POL"]
[Date "2000.11.08"]
[Round "5"]
[White "Urban,K"]
[Black "Bartel,Mat"]
[Result "1/2-1/2"]
[WhiteElo "2472"]
[BlackElo "2313"]

1.d4 Nf6 2.c4 e6 3.g3 Bb4+ 4.Nd2 d6 5.Bg2 O-O 6.Nf3 Nc6 7.O-O e5 8.d5 Bxd2
9.Bxd2 Nb8 10.Ne1 c6 11.dxc6 bxc6 12.Bb4 Ne8 13.Qd2 Be6 14.b3 a5 15.Bc3 f6
16.Nc2 Rf7 17.Rfd1 Rd7 18.Ne3 Qb6 19.Rac1  1/2-1/2

[Event "72nd ch-GER"]
[Site "Seebad Heringsdorf GER"]
[Date "2000.11.17"]
[Round "1"]
[White "Meins,G"]
[Black "Enigk,F"]
[Result "1-0"]
[WhiteElo "2426"]
[BlackElo "2195"]

1.d4 Nf6 2.c4 e6 3.g3 Bb4+ 4.Bd2 Qe7 5.Bg2 Nc6 6.Nf3 Bxd2+ 7.Nbxd2 d6 8.e4 e5
9.d5 Nb8 10.b4 a5 11.a3 O-O 12.O-O axb4 13.axb4 Rxa1 14.Qxa1 Na6 15.Qc3 Re8
16.Ra1 g6 17.Bf1 Nh5 18.c5 dxc5 19.Bxa6 cxb4 20.Qxe5 Qxe5 21.Nxe5 Rxe5 22.f4 Re8
23.Bc4 Nf6 24.e5 Nd7 25.Ne4 Kf8 26.Rc1 Nb6 27.Nf6 Rd8 28.Nxh7+ Ke7 29.Nf6 Bd7
30.Bb3 Rc8 31.Rxc7 Rxc7 32.d6+ Kd8 33.dxc7+ Kxc7 34.Bxf7 Ba4 35.Bxg6 b3 36.h4 Nc4
37.h5 Ne3 38.h6 b2 39.h7 Bc2 40.Bxc2 Nxc2 41.Nd5+ Kc6 42.Nc3 Nd4 43.Kf2  1-0

[Event "Czech Extra League 2000-1"]
[Site "CZE"]
[Date "2000.11.18"]
[Round "1"]
[White "Prandstetter,E"]
[Black "Stratil,L"]
[Result "1/2-1/2"]
[WhiteElo "2410"]
[BlackElo "2347"]

1.d4 Nf6 2.c4 e6 3.g3 Bb4+ 4.Bd2 Qe7 5.a3 Bxd2+ 6.Nxd2 O-O 7.Bg2 a5 8.e3 d6
9.Ne2 e5 10.Qc2 c6 11.O-O Na6 12.Nc3 g6 13.d5 Bd7 14.Rab1 cxd5 15.Nxd5 Nxd5
16.Bxd5 Bc6 17.b4 Bxd5 18.cxd5 Rfc8 19.Qb2 axb4 20.axb4 Nc7 21.Qb3 Nb5 22.Rfc1 Qd7
23.Nc4 Qg4 24.Nb6 Rxc1+ 25.Rxc1 Ra6 26.Nc4 h5 27.Na5 Ra8 28.Qa4 Qe2 29.Qc2 Qxc2
30.Rxc2 b6 31.Nc4 Ra4 32.Nxb6 Rxb4 33.Rc8+ Kg7 34.Rd8  1/2-1/2

[Event "Schacknytt GM"]
[Site "Upplands Vasby SWE"]
[Date "2000.12.07"]
[Round "3"]
[White "Kulaots,K"]
[Black "Rozentalis,E"]
[Result "1/2-1/2"]
[WhiteElo "2491"]
[BlackElo "2570"]

1.d4 Nf6 2.c4 e6 3.g3 Bb4+ 4.Bd2 Qe7 5.Bg2 Nc6 6.Nf3 Bxd2+ 7.Qxd2 Ne4 8.Qc2 Qb4+
9.Nc3 Nxc3 10.Qxc3 Qxc3+ 11.bxc3 d6 12.Rb1 Na5 13.Nd2 Bd7 14.f4 Rc8 15.Kf2 b6
16.c5 dxc5 17.dxc5 Bc6 18.Bxc6+ Nxc6 19.Nf3 Ke7 20.Nd4 Na5 21.Nb3 Nb7 22.Rhd1 Rhd8
23.Rd4 f6 24.Ke3 h5 25.Rb2 g6  1/2-1/2

[Event "Rapid Chess Summit"]
[Site "Stockholm SWE"]
[Date "2000.12.12"]
[Round "2.2"]
[White "Rausis,I"]
[Black "Rozentalis,E"]
[Result "0-1"]
[WhiteElo "2551"]
[BlackElo "2570"]

1.d4 Nf6 2.c4 e6 3.g3 Bb4+ 4.Bd2 Qe7 5.Bg2 Nc6 6.Nf3 Bxd2+ 7.Nbxd2 d6 8.O-O O-O
9.e3 e5 10.Qa4 Bd7 11.Qa3 Rfe8 12.b4 Bg4 13.b5 Nd8 14.h3 Bxf3 15.Nxf3 c6
16.c5 dxc5 17.dxe5 Nd7 18.bxc6 Nxc6 19.Rac1 Rac8 20.Rfd1 b6 21.Qa4 Ndxe5
22.Nh4 Qf6 23.Qf4 Red8 24.Qxf6 gxf6 25.Nf5 Rxd1+ 26.Rxd1 Rd8 27.Rb1 Nb4 28.a3 Nc2
29.Rb3 Rd1+ 30.Kh2 Rd3 31.Rb2 Nxa3 32.Be4 Rd7 33.g4 Nec4 34.Rb3 a5 35.Bc6 Rd2
36.Kg3 Kf8 37.h4 Nc2 38.Bb5 Nd6 39.Bd3 Nb4 40.Bb1 Nxf5+ 41.Bxf5 h6 42.f4 c4
43.Ra3 Ke7 44.h5 Nd5 45.Kf3 c3 46.Ra4 Nb4 47.Ra3 Nd5 48.Ra1 c2 49.Rc1 Nb4
50.g5 fxg5 51.fxg5 Rd1 52.Rxc2 Nxc2 53.gxh6 Kf8 54.Bxc2 Rd6 55.h7 Kg7 56.e4 Rh6
57.e5 Rxh5  0-1

[Event "TCh-SVK"]
[Site "SVK"]
[Date "2000.12.16"]
[Round "5"]
[White "Turna,S"]
[Black "Petrik,S"]
[Result "1-0"]
[WhiteElo "2257"]
[BlackElo "2277"]

1.d4 Nf6 2.c4 e6 3.g3 Bb4+ 4.Bd2 Qe7 5.Bg2 Nc6 6.Nf3 Bxd2+ 7.Nbxd2 Qb4 8.Qc2 O-O
9.O-O Qe7 10.e4 e5 11.d5 Nd8 12.c5 b6 13.Rfc1 Re8 14.b4 Ba6 15.Rab1 c6 16.d6 Qe6
17.h3 h6 18.Rb3 bxc5 19.bxc5 Nh7 20.Nf1 Qf6 21.Ne3 h5 22.Nf5 Nf8 23.Qc3 Ng6
24.Qa5 Bb5 25.a4 Qe6 26.Rb2 Bc4 27.Ne3 Bd3 28.Ne1 Nf4 29.gxf4 exf4 30.Nf5 f3
31.Ne7+ Kh8 32.Nxf3 Bxe4 33.Re1 f5 34.Qd2 Qf6 35.Ng5 Bxg2 36.Kxg2 Nf7 37.Nxf7+ Qxf7
38.Qg5 f4 39.Rb4 f3+ 40.Kh2 Kh7  1-0

[Event "Christmas Open"]
[Site "Zurich SUI"]
[Date "2000.12.27"]
[Round "2"]
[White "Tukmakov,V"]
[Black "Milosevic,G"]
[Result "1-0"]
[WhiteElo "2582"]
[BlackElo "2334"]

1.d4 Nf6 2.c4 e6 3.g3 Bb4+ 4.Bd2 c5 5.Bxb4 cxb4 6.Bg2 O-O 7.e4 d6 8.Ne2 Nc6
9.O-O Re8 10.Qd3 e5 11.d5 Nb8 12.a3 Na6 13.axb4 Nxb4 14.Qd2 a5 15.Na3 Bd7
16.Nc3 Qb6 17.Kh1 Re7 18.h3 Ne8 19.f4 f6 20.f5 Rc8 21.Rf3 Rf7 22.h4 Na6 23.Raf1 a4
24.g4 Nc5 25.g5 Rf8 26.Rg1 Nb3 27.Qe2 Nd4 28.Qf2 Qd8 29.Rg3 Qe7 30.Bf1 Kh8
31.Nc2 Nxc2 32.Qxc2 Ra8 33.Qg2 Ra5 34.Nd1 b5 35.Qd2 Qd8 36.Ne3 bxc4 37.Nxc4 Rc5
38.Qb4 Rb5 39.Qa3 Rb8 40.h5 Bb5 41.h6 Bxc4 42.Bxc4 fxg5 43.hxg7+ Nxg7 44.Rxg5 Rb7
45.Qh3 Rf6 46.Bb5 Qb6 47.Rg6 Qd8 48.Qh4 Rbf7 49.Bd7 Qe7 50.Qh6 Kg8 51.Be6 hxg6
52.fxg6 Nxe6 53.gxf7+ Kxf7 54.Qh5+ Kf8 55.Qh8+  1-0

[Event "3rd Hilton Open"]
[Site "Basle SUI"]
[Date "2001.01.04"]
[Round "4"]
[White "Horvath,Cs"]
[Black "Tukmakov,V"]
[Result "1/2-1/2"]
[WhiteElo "2508"]
[BlackElo "2595"]

1.d4 Nf6 2.c4 e6 3.g3 Bb4+ 4.Bd2 Be7 5.Bg2 d5 6.Nf3 c6 7.Qc2 O-O 8.O-O Nbd7
9.Bf4 b6 10.Rd1 Bb7 11.Nc3 dxc4 12.Nd2 Nd5 13.Nxc4 Nxf4 14.gxf4 Qc7 15.e3 Rad8
16.Rd2  1/2-1/2

[Event "XXVI Open"]
[Site "Seville ESP"]
[Date "2001.01.17"]
[Round "6"]
[White "Calvo,J"]
[Black "Biedma Martin,E"]
[Result "1/2-1/2"]
[WhiteElo "2272"]
[BlackElo "2288"]

1.d4 Nf6 2.c4 e6 3.g3 Bb4+ 4.Bd2 Qe7 5.Bg2 Nc6 6.Nf3 Bxd2+ 7.Nbxd2 d6 8.O-O O-O
9.Qc2 a5 10.a3 a4 11.e3 Bd7 12.Ng5 e5 13.d5 Nb8 14.f4 h6 15.Ngf3 exf4 16.exf4 Qe3+
17.Kh1 Ng4 18.h3 Nf2+ 19.Kh2 Qd3 20.Qc1 Ne4 21.Nxe4 Qxe4 22.Qc3 Qf5 23.Rae1 Na6
24.Nh4 Qf6 25.Qxf6 gxf6 26.Be4 Rfe8 27.Bf5 Rxe1 28.Rxe1 Be8 29.Bc2 Bd7 30.Re7 Rd8
31.Bf5 Be8 32.g4 Kf8 33.Re3 Nc5 34.Kg3 Ra8 35.Nf3 Ra6 36.Nd4 Rb6 37.Re2 Nb3
38.Nxb3 Rxb3+ 39.Kg2 c5 40.Rd2 b5 41.cxb5  1/2-1/2

[Event "17th Open"]
[Site "Geneva SUI"]
[Date "2001.01.22"]
[Round "3"]
[White "Gurevich,D"]
[Black "Sturua,Z"]
[Result "1/2-1/2"]
[WhiteElo "2543"]
[BlackElo "2580"]

1.d4 Nf6 2.c4 e6 3.g3 Bb4+ 4.Nd2 c5 5.dxc5 Bxc5 6.Bg2 Nc6 7.Ngf3 d5 8.O-O O-O
9.a3 a5 10.cxd5 exd5 11.Nb3 Bb6 12.Nbd4 Re8 13.b3 Nxd4 14.Nxd4 Ne4 15.Bb2 Bd7
16.Rc1 a4 17.b4 h5 18.e3 Nf6 19.Nf3 Bb5 20.Re1 Ne4 21.Bd4 Bc7 22.Ba1 Bc4
23.Qd4 Qf6 24.Qxf6 gxf6 25.Nd4 Rad8 26.Red1 Bb6 27.Nf5 Bb5 28.Re1 Kf8 29.Bd4 Bxd4
30.Nxd4 Bc4 31.Bxe4 Rxe4 32.f3 Ree8 33.b5 Rc8 34.Rc3 Bb3 35.Rd3 Bc4 36.Rd2 Bb3
37.Rd3 Bc4 38.Rc3 Bb3 39.Rec1 Rc4 40.Kf2 Rec8 41.Rxc4 dxc4 42.e4 c3 43.Ke3 b6
44.Kd3 c2 45.Nxc2 Rc5 46.Kd2 Bxc2 47.Rxc2 Rxb5 48.Rc4 Rb3 49.Rc3  1/2-1/2

[Event "17th Open"]
[Site "Geneva SUI"]
[Date "2001.01.23"]
[Round "4"]
[White "Zueger,B"]
[Black "Leib,A"]
[Result "1-0"]
[WhiteElo "2448"]
[BlackElo "2239"]

1.d4 Nf6 2.c4 e6 3.g3 Bb4+ 4.Bd2 Qe7 5.Bg2 Nc6 6.e3 Bxd2+ 7.Nxd2 d6 8.Ne2 e5
9.d5 Nb8 10.e4 Nbd7 11.Nc3 O-O 12.O-O c6 13.b4 Qd8 14.Nb3 c5 15.a3 b6 16.Qd3 Ne8
17.f4 g6 18.f5 Qg5 19.Nd2 Ndf6 20.h3 Nh5 21.Ne2 gxf5 22.exf5 Kh8 23.g4 Rg8
24.Ne4 Qg7 25.Rf2 Nhf6 26.N2g3 Nxe4 27.Nxe4 Qf8 28.bxc5 bxc5 29.Rb1 Qe7 30.f6 Qd7
31.Rf5 Qa4 32.Rh5 Rg6 33.Rf1 Rb8 34.Ng5 Kg8 35.Nxh7 Nxf6 36.Nxf6+ Kf8 37.Rh8+ Ke7
38.Re8+ Qxe8 39.Nxe8  1-0